| Поле | Инд. | ПП | Название | Значение |
|---|---|---|---|---|
| Тип записи | a | |||
| Библиографический уровень | b | |||
| 001 | Контрольный номер | DU/601661840 | ||
| 005 | Дата корректировки | 20250318111712.2 | ||
| 008 | Кодируемые данные | 20190124 | ||
| 040 | b | Код языка каталог. | rus | |
| e | Правила каталог. | PSBO | ||
| 041 | 0_ | a | Код языка текста | rus |
| 084 | a | Индекс другой классификации/Индекс ББК | 88.3; 88.576 | |
| 100 | 1_ | a | Автор | Жупиева Е. И. |
| q | Полное имя | Жупиева Евгения Ивановна | ||
| 245 | 10 | a | Заглавие | Репродуктные установки в структуре психологической готовности к родительству студентов |
| 504 | a | Библиография | Библиогр.: с. 27 | |
| 520 | 0_ | a | Аннотация | В статье представлены результаты изучения репродуктивных установок в структуре психологической готовности к родительству у студентов. Выявлено, что студенты из многодетных семей более ориентированы на рождение 3-х и более детей. Юноши меньше настроены контролировать рождаемость прерыванием беременности, чем девушки. Респонденты - старшие и единственные дети в семье чаще давали ответы об аборте, чем младшие или средние. Показано, что полученные в работе результаты приняты во внимание при разработке и реализации программы психологической профилактики при сопровождении процесса развития психологической готовности к родительству у студентов в условиях высшего учебного заведения |
| 650 | 14 | a | Основная рубрика | психология |
| a | Основная рубрика | психология личности | ||
| a | Основная рубрика | психология семьи | ||
| 653 | 1_ | a | Ключевые слова | гендерные различия |
| a | Ключевые слова | готовность к родительству | ||
| a | Ключевые слова | потребность в детях | ||
| a | Ключевые слова | репродуктивные установки | ||
| a | Ключевые слова | родительство | ||
| a | Ключевые слова | студенты | ||
| 773 | 08 | t | Заглавие источника | Психология. Историко-критические обзоры и современные исследования |
| d | Дата издания источника | 2018 | ||
| g | Прочая информация | Т. 7, № 1А. - С. 22 - 29 : табл., диагр. | ||
| w | Контрольный № источника | DU/598461108 | ||
| 901 | t | Тип документа | b |